Compendium'17 / (Record no. 143532)

MARC details
000 -LEADER
fixed length control field 00554nam a22001697a 4500
010 ## - LCCN (DPL NO)
LC control number ENG-119717
020 ## - INTERNATIONAL STANDARD BOOK NUMBER
International Standard Book Number 9789385559105
Terms of availability 400.00
035 ## - SYSTEM CONTROL NUMBER
System control number EN-103249
037 ## - SOURCE OF ACQUISITION
Source of stock number/acquisition DBAD/PUB
082 ## - DEWEY DECIMAL CLASSIFICATION NUMBER
Classification number 658.15
245 ## - TITLE STATEMENT
Title Compendium'17 /
Statement of responsibility, etc edited by Lekshmi Nair K.B.
260 ## - PUBLICATION, DISTRIBUTION, ETC. (IMPRINT)
Place of publication, distribution, etc Thiruvananthapuram
Name of publisher, distributor, etc Mohan Das College of Engineering and Technology
Date of publication, distribution, etc 2017
270 ## - ADDRESS
Address Anad, Nedumangad,
City Thiruvananthapuram
Postal code 695544
300 ## - PHYSICAL DESCRIPTION
Extent Various paging :
Dimensions 29cm(pbk)
Other physical details ill.
700 ## - ADDED ENTRY--PERSONAL NAME
Personal name Nair, Lekshmi K.B.
942 ## - ADDED ENTRY ELEMENTS (KOHA)
Source of classification or shelving scheme Dewey Decimal Classification
Item type English Books
Classification part 658.15
Call number suffix COM
Holdings
Withdrawn status Lost status Not for loan Collection code Home library Current library Date acquired Source of acquisition Cost, normal purchase price Full call number Barcode Copy number Cost, replacement price Koha item type
      Non-fiction Ashok Vihar Ashok Vihar 18/08/2017 DBAD/PUB 400.00 658.15 COM EN-103249 1 400.00 English Books

© Delhi Public Library
Hit Counter
free hit counter